000 01165cam a22001934a 4500
005 20250605163534.0
008 250528s ||||||||||||||||||||||||d
035 _a21349
020 _a9789603518327
040 _aGR-AtMCL
_bgre
_dGR-AtMCL
_eAACR2
245 1 _aΕισαγωγή στις Δομές Δεδομένων και στους Αλγορίθμους / Υλοποίηση σε C
260 _bΣταμούλης,
_c2010
300 _a452
520 _aΠρόλογος, Ορισμοί και Έννοιες Δεδομένων και Αλγόριθμων, Αναζήτηση και Ταξινόμηση και Αλγόριθμοι και Εφαρμογές σε Πίνακες, Δομές Δεδομένων, Αναδρομή και Δενδρικές Δομές, Αναδρομή και Δενδρικές Δομές, Αναδρομή και Δενδρικές Δομές: Σχεδίαση και Ανάλυση Αλγορίθμων, Θεωρία και Αλγόριθμοι Γραφημάτων, Βιβλιογραφία, Συμβολισμοί.
700 1 _aΠαπουτσής Ιωάννης
942 _cBK
999 _c6414
_d6414